Word Ladder: Chicago Quiz Stats

 Plays Quiz Updated May 7, 2017

Support Sporcle.
Go Orange.
Score 0/24 Timer 03:00
1 Play Today
Hint 4-Letter Word % Correct
● Weather that gave the city its nickname ●● WIND ●
98.2%
Magical stickWAND
96.7%
'Men in Black' star: ____ SmithWILL
92.6%
● NFL mascot ●● BEAR ●
88.2%
Financial institutionBANK
87.7%
CurveBEND
87.3%
● Apple, pecan, or deep dish pizza, e. g. ●● PIES ●
87%
● Chicago, Kansas, or Boston, e. g. ●● BAND ●
86.3%
Military bedBUNK
85.9%
● Waterfront tourist attraction: Navy ____● PIER ●
85.4%
Necklace componentBEAD
85.2%
Of things purchased in large quantitiesBULK
84.5%
Hint 4-Letter Word % Correct
Common piece of sporting equipmentBALL
84.2%
● NBA mascot ●● BULL ●
83.9%
● Ivy-covered Wrigley Field icon ●● WALL ●
83.5%
Social equalPEER
82.2%
Bartlett or Bosc, e. g.PEAR
80.1%
● MLS team and 1871 tragedy ●● FIRE ●
75.7%
Batman villainBANE
74.9%
Common Christmas treesFIRS
73.4%
Electric circuit componentWIRE
72.4%
Cunning trickWILE
71%
Expressions of disgustFIES
68.7%
● Blackhawks star: Patrick ____● KANE ●
48.8%

Today's Daily Dose

You're not logged in!

Compare scores with friends on all Sporcle quizzes.
OR
Log In
Forgot?

From the Vault

NFL 1,000 Yard Rushers

by sultanofswing

This is one group of people you wouldn't want running straight at you.
Remove Ads.
Support Sporcle.
Get the best of Sporcle when you Go Orange. This ad-free experience offers more features, more stats, and more fun while also helping to support Sporcle. Thank you for becoming a member.

Show Comments

Extras

Top Quizzes Today


Score Distribution

Your Account Isn't Verified!

In order to create a playlist on Sporcle, you need to verify the email address you used during registration. Go to your Sporcle Settings to finish the process.

Report this User

Report this user for behavior that violates our Community Guidelines.

Details: